Špecifiká marketingu odevného priemyslu v aplikácii na firmu Operatíva, s.r.o. diplomová práca

Salvato in:
Dettagli Bibliografici
Autore principale: Šuláková, Ivana
Ente Autore: Obchodná fakulta EU. Katedra marketingu
Altri autori: Francová, Zuzana, 1971-
Natura: Libro
Lingua:slovacco
Pubblicazione: Bratislava 2008
Tags: Aggiungi Tag
Nessun Tag, puoi essere il primo ad aggiungerne!!

MARC

LEADER 00000nam$a2200000$$$4500
001 0081784
005 20240201120456.3
041 0 |a slo 
044 |a SK 
245 1 0 |a Špecifiká marketingu odevného priemyslu v aplikácii na firmu Operatíva, s.r.o.  |b diplomová práca  |c Ivana Šuláková ; škol. Zuzana Francová 
264 1 |a Bratislava  |c 2008 
300 |a 35 s. 
100 1 |a Šuláková, Ivana 
700 1 |a Francová, Zuzana, 1971- 
710 2 |a Obchodná fakulta EU. Katedra marketingu